Chaotická organizace

Chaos ako organizačný systém. Chaos manažment. Situačný chaos manažment. Chaos manažment pre tiesňové situácie a krízu.

Gespeichert in:
Bibliographische Detailangaben
1. Verfasser: Tóth, Endre
Format: Buchkapitel
Sprache:Tschechisch
Schlagworte:
Tags: Tag hinzufügen
Keine Tags, Fügen Sie das erste Tag hinzu!

MARC

LEADER 00000naa a2200000 4500
001 0144431
005 20240315070606.0
041 0 |a cze 
044 |a CZ 
245 1 0 |a Chaotická organizace  |c Endre Tóth 
520 |a Chaos ako organizačný systém. Chaos manažment. Situačný chaos manažment. Chaos manažment pre tiesňové situácie a krízu. 
610 2 0 |a manažment 
610 2 0 |a riadenie podnikové 
610 2 0 |a procesy podnikové 
610 2 0 |a výkony podnikové 
610 2 0 |a metódy riadenia 
610 2 0 |a organizácie 
100 1 |a Tóth, Endre